000 00770nam a2200217 i 4500
001 132498
003 ES-MaACL
005 20250911063553.0
007 t|
008 070214s1971 sp r ||||1| spa d
080 _a821.134.2-82"19"
100 1 _aRomero Murube, Joaquín,
_d1904-1969
_999419
245 1 0 _aVerso y prosa /
_cJoaquín Romero Murube ; prólogo y selección de Francisco López Estrada.
250 _aEd. homenaje al autor del Excmo. Ayuntamiento.
260 _aSevilla :
_b[s. n.],
_c1971 (
_fImp. Municipal)
300 _a302 p., 1 lám. = retr. aut. ;
_c25 cm.
700 0 _aLópez Estrada, Francisco,
_d1918-2010
_973627
710 1 _aSevilla.
_bAyuntamiento.
_91391
852 _aES-MaACL
_jC-37367
_bR.76426
999 _c132498
_d132498